000 00686nam a2200289Ia 4500
005 20260324140339.0
008 008 260324s9999 xx 000 0 eng d
020 _a9780203800379
037 _aEBOOK
040 _aCRL
040 _beng
040 _cCRL
041 _2eng
041 _aeng
084 _qCRL
100 _aTimothy J. Barnett
_91204049
245 0 _aLegislative Learning
245 4 _bThe 104th Republican Freshmen in the House
260 _bTaylor and Francis
260 _c1999
365 _a
365 _b215
856 _uhttp://www.taylorfrancis.com/books/9780203800379
942 _cEBOOK
999 _c1806037
_d1806037